=LDR 00000nam 2200000 4500 =001 INLIS000000001054580 =005 20260218080309 =035 ##$$a 0010-0226000134 =007 ta =008 260218################g##########0#ind## =020 ##$$a 978-623-5953-85-4 =082 ##$$a 899.221 3 =084 ##$$a 899.221 3 ZHI h =100 #$$a Zhitara =245 1#$$a Hiranya & Margonda /$c Zhitara =250 ##$$a cetakan pertama =260 ##$$a Depok :$b Akad,$c 2024 =300 ##$$a halaman :337 ; $c 13 x 19 cm =500 ##$$a Biografi :halaman 334 =600 #4$$a Fiksi Indonesia =990 ##$$a 10381038 =990 ##$$a 10381038 =990 ##$$a 10381038 =990 ##$$a 10381038